000 00629nam a22002177a 4500
003 OSt
005 20210419091756.0
008 201121s2017 ||||| |||| 00| 0 eng d
020 _a9781292160344
020 _a1292160349
040 _aeng
_beng
_cDLC
080 _a54
_bB-90
100 _9244
_aBruice, Yurkanis Paula
245 _aOrganic Chemistry Global Edition
_c/ by: Pearson Education Limited
250 _a8th edition
_bGlobal Edition
260 _aEdinburgh Gate, Harlow
_bPearson Education Limited
_c2017
300 _a1337 p.
_bill
650 0 _9137
_aChemistry
650 0 _9246
_aOrganic Chemistry
942 _2udc
_cBK
_e8
999 _c352
_d352